Auswirkungen der EG-Agrarpolitik auf das Unterstützungspotential des griechischen Agrarsektors.
Prechod gréckeho poľnohospodárstva do agrárneho systému ES. Proces prispôsobovania sa novému systému a poľnohospodárska politika. Systém podpory gréckeho poľnohospodárstva. Ochrana poľnohospodárskych výrobkov prostredníctvom cla a poplatkov.
Salvato in:
| Autore principale: | |
|---|---|
| Natura: | Capitolo di libro |
| Lingua: | tedesco |
| Soggetti: | |
| Tags: |
Nessun Tag, puoi essere il primo ad aggiungerne!!
|
MARC
| LEADER | 00000naa a2200000 4500 | ||
|---|---|---|---|
| 001 | r009081 | ||
| 005 | 20221130112448.7 | ||
| 041 | 0 | |a ger | |
| 044 | |a DE | ||
| 245 | 1 | 0 | |a Auswirkungen der EG-Agrarpolitik auf das Unterstützungspotential des griechischen Agrarsektors. |c P.G. Paschos |
| 520 | |a Prechod gréckeho poľnohospodárstva do agrárneho systému ES. Proces prispôsobovania sa novému systému a poľnohospodárska politika. Systém podpory gréckeho poľnohospodárstva. Ochrana poľnohospodárskych výrobkov prostredníctvom cla a poplatkov. | ||
| 610 | 2 | 0 | |a poľnohospodárstvo |
| 610 | 2 | 0 | |a politika poľnohospodárska |
| 610 | 2 | 0 | |a Grécko |
| 610 | 2 | 0 | |a Európske spoločenstvá |
| 610 | 2 | 0 | |a výrobky poľnohospodárske |
| 610 | 2 | 0 | |a clá ochranné |
| 100 | 1 | |a Paschos, P.G. | |